| 000 | 00366nam a22001577a 4500 | ||
|---|---|---|---|
| 003 | SGT | ||
| 020 | _a9788131243046 | ||
| 082 |
_a617.6342 _bC17H |
||
| 100 | _aKenneth Hargreaves | ||
| 245 | _aCohen's Pathways of the Pulp | ||
| 250 | _asouth asian | ||
| 260 |
_aNEW DELHI _bElsevier India _c2017 |
||
| 300 | _a1105 | ||
| 650 | _aENDODONTICS | ||
| 942 |
_2ddc _cBK _05 |
||
| 999 |
_c15550 _d15550 |
||